Каталитические свойства соединений редкоземельных металлов: аннотированная библиография

Xehetasun bibliografikoak
Beste egile batzuk: Козлов Н. С. (составитель), Черчес Х. А., Майорова М. В., Каризно А. У.
Hizkuntza:errusiera
Argitaratua: Минск, Наука и техника, 1977
Gaiak:
Formatua: Liburua
KOHA link:https://koha.lib.tpu.ru/cgi-bin/koha/opac-detail.pl?biblionumber=99852

MARC

LEADER 00000nam0a2200000 4500
001 99852
005 20231101214258.0
035 |a (RuTPU)RU\TPU\book\107277 
090 |a 99852 
100 |a 20060717d1977 k y0rusy50 ca 
101 0 |a rus 
102 |a RU 
105 |a y a 000zy 
200 1 |a Каталитические свойства соединений редкоземельных металлов  |e аннотированная библиография  |f сост. Н. С. Козлов, Х. А. Черчес, М. В. Майорова, А. У. Каризно 
210 |a Минск  |c Наука и техника  |d 1977 
215 |a 126 с. 
606 1 |a Редкоземельные элементы, соединения  |x Химия  |2 stltpush  |3 (RuTPU)RU\TPU\subj\75163  |9 87034 
610 1 |a редкоземельные металлы 
610 1 |a каталитические свойства 
610 1 |a библиографические указатели 
675 |a 546.65(01)  |v 3 
686 |a Я19  |v LBC/SL-A  |2 rubbk 
702 1 |a Козлов  |b Н. С.  |4 220 
702 1 |a Черчес  |b Х. А.  |4 220 
702 1 |a Майорова  |b М. В.  |4 220 
702 1 |a Каризно  |b А. У.  |4 220 
801 1 |a RU  |b 63413507  |c 20060717  |g PSBO 
801 2 |a RU  |b 63413507  |c 20160309  |g RCR 
942 |c BK